00477nam a2200181Ia 450000500170000000800410001702000230005804000190008104100120010008200160011210000160012824500610014426000320020530000140023750400190025165000140027085000110028420240413132302.0131103s9999 xx 000 0 und d a8178800454cRs.600 aLoreto College aEnglish a370.1 bRED aReddy, R.S. aOrganisational Strategies of Modern EducationcR.S.Reddy aNew DelhibRajat pub.c2002 avi,310p.  aIncludes index aEducation aLCBED